[Event "AEAP 2019"]
[Site "http://www.queenalice.com/game.php?id=1561338"]
[Date "2019.2.18"]
[Round "1"]
[White "josebaron"]
[Black "rafael_100000"]
[Result "0-1"]
[WhiteElo "2054"]
[BlackElo "1913"]

1. e4 e5 2. Bc4 Nf6 3. Nc3 c6 4. Nf3 d5 5. exd5 cxd5 6. Bb5+ Bd7 7. Bxd7+ Nbxd7
8. O-O d4 9. Ne2 Be7 10. d3 Qb6 11. Ng3 g6 12. a4 a5 13. b3 h6 14. Re1 Qc7 15.
Qe2 O-O-O 16. Bb2 Bb4 17. c3 dxc3 18. Ba3 Bxa3 19. Rxa3 Rhe8 20. Ra2 Nd5 21. d4
Nf4 22. Qe4 Nf6 23. Qc2 Ng4 24. h3 Nf6 25. dxe5 N6d5 26. Rc1 Ne6 27. Qd3 Nb4 28.
Qxc3 Nxa2 29. Qxc7+ Nxc7 30. Rc2 Nb4 31. Rc5 Rd1+ 32. Kh2 b6 33. Rc3 Nd3 34. Rc2
Nxe5 35. Nxe5 Rxe5 36. h4 Kb8 37. Ne2 Ne6 0-1

[Event "AUTO-MASTER-2822"]
[Site "http://www.queenalice.com/game.php?id=1563036"]
[Date "2019.3.4"]
[Round "1"]
[White "Mavico"]
[Black "rafael_100000"]
[Result "1-0"]
[WhiteElo "2425"]
[BlackElo "1937"]

1. e4 e5 2. Nf3 d6 3. Nc3 Nf6 4. d4 c6 5. dxe5 dxe5 6. Qxd8+ Kxd8 7. Bc4 Be6 8.
Bxe6 fxe6 9. Nxe5 Ke8 10. Be3 Nbd7 11. Nd3 Rd8 12. O-O-O b5 13. f3 a5 14. g4 h6
15. h4 b4 16. Ne2 Be7 17. Nd4 Nf8 18. Nxc6 Ra8 19. Nde5 N8d7 20. Ng6 Rh7 21.
Ngxe7 Kf7 22. e5 Nxe5 23. Nxe5+ Kxe7 24. Bc5+ Ke8 25. Rd6 Ke7 26. Ra6+ 1-0

[Event "AUTO-MASTER-2822"]
[Site "http://www.queenalice.com/game.php?id=1563037"]
[Date "2019.3.4"]
[Round "1"]
[White "rafael_100000"]
[Black "Mavico"]
[Result "0-1"]
[WhiteElo "1939"]
[BlackElo "2423"]

1. e4 e6 2. d4 d5 3. e5 c5 4. Nf3 cxd4 5. Nxd4 Ne7 6. Nc3 Nec6 7. Nxc6 Nxc6 8.
Bb5 d4 9. Ne2 Qa5+ 10. c3 Qxb5 11. cxd4 Qb4+ 12. Qd2 b6 13. Qxb4 Nxb4 14. O-O
Ba6 15. Ng3 Bxf1 16. Nxf1 Nc2 17. Rb1 Nxd4 18. Bd2 a5 19. Be3 O-O-O 20. Nd2 Nc6
21. Bxb6 Rxd2 22. Rc1 Kb7 23. Be3 Rxb2 0-1

[Event "AUTO-MASTER-2822"]
[Site "http://www.queenalice.com/game.php?id=1563052"]
[Date "2019.3.4"]
[Round "1"]
[White "jova21"]
[Black "rafael_100000"]
[Result "1-0"]
[WhiteElo "2042"]
[BlackElo "1957"]

1. e4 e5 2. Nf3 d6 3. d4 Nc6 4. dxe5 Nxe5 5. Nxe5 dxe5 6. Qxd8+ Kxd8 7. Bc4 f5
8. Bg5+ Be7 9. Bxe7+ Nxe7 10. O-O fxe4 11. Nc3 Bf5 12. Rad1+ Ke8 13. Rfe1 c6 14.
Nxe4 Nc8 15. Nc5 b5 16. Rxe5+ Ne7 17. Nb7 g6 18. Nd6+ Kf8 19. Bb3 Rd8 20. c3 Rd7
21. Rde1 Rxd6 22. Rxe7 Rf6 23. Re8+ Kg7 24. R1e7+ Kh6 25. Rxh8 g5 26. h3 a5 27.
g4 Bd3 28. Re6 Rxe6 29. Bxe6 Kg7 30. Rd8 Bg6 31. Bd7 Be4 32. Rc8 1-0

[Event "AUTO-MASTER-2822"]
[Site "http://www.queenalice.com/game.php?id=1563053"]
[Date "2019.3.4"]
[Round "1"]
[White "rafael_100000"]
[Black "jova21"]
[Result "0-1"]
[WhiteElo "1885"]
[BlackElo "2042"]

1. e4 e5 2. Nf3 Nc6 3. d4 d6 4. d5 Nce7 5. Nc3 Nf6 6. h3 g6 7. Bd3 Bg7 8. b3 O-O
9. Bb2 c6 10. Nd2 cxd5 11. exd5 Nfxd5 12. Nxd5 Nxd5 13. Ne4 Nf4 14. Qf3 Nxd3+
15. cxd3 d5 16. Nc3 e4 17. dxe4 dxe4 18. Qe3 Re8 19. O-O b6 20. Rac1 Bb7 21. Nd1
Bxb2 22. Nxb2 Rc8 23. Rxc8 Qxc8 24. Nc4 Qe6 25. Rd1 Bd5 26. Nb2 Qe5 27. Nc4 Bxc4
28. bxc4 Rc8 29. Rc1 f5 30. f4 Qa5 31. a3 b5 32. c5 Qa4 33. g4 Rd8 34. gxf5 Rd3
35. Qf2 Qxa3 36. Rb1 Rg3+ 37. Kh1 Rf3 38. Qg2 Rxh3+ 0-1

[Event "AUTO-MASTER-2822"]
[Site "http://www.queenalice.com/game.php?id=1563062"]
[Date "2019.3.4"]
[Round "1"]
[White "pizzaiolo72"]
[Black "rafael_100000"]
[Result "0-1"]
[WhiteElo "2142"]
[BlackElo "1933"]

1. e4 e5 2. Nf3 d6 3. d4 Nf6 4. Bg5 h6 5. dxe5 hxg5 6. exf6 Qxf6 7. Nc3 c6 8.
Bc4 Be6 9. Bxe6 fxe6 10. Qe2 Nd7 11. O-O-O O-O-O 12. h3 e5 13. Qe3 Be7 14. Qxa7
Kc7 15. Qe3 Nb6 16. b3 d5 17. exd5 cxd5 18. Qxe5+ Qxe5 19. Nxe5 Rh5 20. g4 Rh7
21. Nb5+ Kb8 22. a4 Nd7 23. Rxd5 Kc8 24. Nf7 Rf8 25. Nxg5 Bxg5+ 26. Rxg5 Rxf2
27. Nd6+ Kb8 28. Nf5 Nf6 29. Nxg7 Ne4 30. Nf5 Nxg5 31. h4 Nf3 32. h5 Ng5 33. h6
Rg2 34. Ne3 Rg3 0-1

[Event "AUTO-MASTER-2822"]
[Site "http://www.queenalice.com/game.php?id=1563063"]
[Date "2019.3.4"]
[Round "1"]
[White "rafael_100000"]
[Black "pizzaiolo72"]
[Result "0-1"]
[WhiteElo "1892"]
[BlackElo "2112"]

1. e4 c5 2. Nf3 Nc6 3. c3 d5 4. e5 Bg4 5. d4 cxd4 6. cxd4 Bxf3 7. gxf3 Qb6 8.
Nc3 O-O-O 9. a3 e6 10. Ne2 f6 11. f4 Nge7 12. Bh3 Nf5 13. Bxf5 exf5 14. exf6
gxf6 15. b4 Rg8 16. Qd3 Ne7 17. Be3 Rd6 18. Nc3 a6 19. Rc1 Rc6 20. Na4 Rxc1+ 21.
Bxc1 Qe6+ 22. Be3 Qe4 23. Qxe4 fxe4 24. Nb6+ Kc7 25. Na4 b6 26. Nc3 Kd6 27. Ke2
Nf5 28. Rc1 Nxe3 29. Kxe3 Rg2 30. h4 Rh2 31. Rg1 Rxh4 32. Rg8 Rh3+ 33. Kd2 Bh6
34. Rd8+ Kc7 35. Rxd5 Rd3+ 36. Kc2 Bxf4 37. Rf5 Rd2+ 38. Kb3 Bg5 39. Nd5+ Kc6
40. Nxf6 Rd3+ 41. Kb2 Bxf6 42. Rxf6+ Kb5 43. Rd6 Rd2+ 44. Kb3 Rd3+ 45. Kb2 a5
46. bxa5 bxa5 47. Rd5+ Ka4 48. Rd7 Rd2+ 49. Kc3 Rxf2 50. Rxh7 Rf3+ 51. Kd2 Kxa3
52. Ra7 Rd3+ 53. Ke2 a4 54. Ra6 Kb3 55. Rb6+ Ka2 56. Rb4 a3 57. d5 Rxd5 58. Rxe4
Kb3 0-1

[Event "AUTO-ADV-4144"]
[Site "http://www.queenalice.com/game.php?id=1563082"]
[Date "2019.3.5"]
[Round "1"]
[White "jambalaya"]
[Black "rafael_100000"]
[Result "0-1"]
[WhiteElo "1858"]
[BlackElo "1877"]

1. Na3 e5 2. Nc4 Nc6 3. e4 Nf6 4. d3 d5 5. exd5 Nxd5 6. a3 Be6 7. Ne3 Nxe3 8.
Bxe3 Bd6 9. Be2 Bd5 10. Bf3 Ne7 11. Bg5 Bxf3 12. Qxf3 f6 13. Bd2 c6 14. Ne2 Qb6
15. b3 O-O-O 16. O-O f5 17. Bb4 Bxb4 18. axb4 a6 19. Ra4 Rhf8 20. c3 g6 21. c4
Qc7 22. Nc3 e4 23. dxe4 fxe4 24. Qxe4 Nf5 25. Raa1 Rfe8 26. Qg4 Rd4 27. Qh3 Rh4
28. Nd5 cxd5 29. Qg3 Nxg3 30. fxg3 Rd4 31. cxd5 Rxd5 32. Rac1 Qxc1 33. Rxc1+ Kb8
34. Kf2 Rf5+ 35. Kg1 Re4 36. h3 Rxb4 37. Rc3 b6 38. Kh2 a5 39. g4 Rf2 0-1

[Event "AUTO-ADV-4144"]
[Site "http://www.queenalice.com/game.php?id=1563083"]
[Date "2019.3.5"]
[Round "1"]
[White "rafael_100000"]
[Black "jambalaya"]
[Result "1-0"]
[WhiteElo "1892"]
[BlackElo "1877"]

1. e4 c5 2. Nf3 Nf6 3. Nc3 d5 4. d3 dxe4 5. dxe4 Qxd1+ 6. Kxd1 Nc6 7. Be3 e6 8.
Nb5 Kd7 9. Ke1 Nxe4 10. Rd1+ Ke7 11. Bd3 f5 12. Ng5 Nf6 13. Bxc5+ Ke8 14. Nc7+
Kd7 15. Nxa8 Bxc5 16. Bxf5+ Ke7 17. Bh3 Bd6 18. Rxd6 Rf8 19. Nxe6 Rg8 20. Rd2
Bxe6 21. Bxe6 Kxe6 22. Nc7+ Kf5 23. Nb5 a6 24. Nc3 Re8+ 25. Kd1 b5 26. Re1 Rf8
27. Re3 Ne7 28. Rf3+ Kg6 29. Ne2 Kf7 30. Nd4 Kg8 31. Nf5 Ng6 32. Ng3 Re8 33. Rd4
h5 34. Nf5 Kh7 35. Re3 Rf8 36. Nd6 Kg8 37. f3 Nd7 38. Nf5 Rxf5 39. Rxd7 Rf7 40.
Rxf7 Kxf7 41. Ra3 1-0

[Event "AUTO-ADV-4144"]
[Site "http://www.queenalice.com/game.php?id=1563100"]
[Date "2019.3.5"]
[Round "1"]
[White "rafael_100000"]
[Black "Capixaba789"]
[Result "1/2-1/2"]
[WhiteElo "1927"]
[BlackElo "1791"]

1. e4 d5 2. e5 e6 3. d4 Nc6 4. Nf3 Bd7 5. Nc3 Qe7 6. Nb5 O-O-O 7. c3 h5 8. Qa4
Kb8 9. b3 a6 10. Na3 Nh6 11. Nc2 Nf5 12. Ba3 Qe8 13. O-O-O Ka7 14. Bxf8 Qxf8 15.
Qa3 g6 16. Qxf8 Rhxf8 17. b4 b5 18. a3 Kb6 19. Ng5 a5 20. bxa5+ Nxa5 21. Nh7 Rh8
22. Ng5 Rhf8 23. Nh7 Rh8 24. Ng5 Rhf8 1/2-1/2

[Event "AUTO-ADV-4144"]
[Site "http://www.queenalice.com/game.php?id=1563101"]
[Date "2019.3.5"]
[Round "1"]
[White "Capixaba789"]
[Black "rafael_100000"]
[Result "1-0"]
[WhiteElo "1796"]
[BlackElo "1913"]

1. e4 e5 2. Bc4 Nf6 3. d4 d6 4. dxe5 Nxe4 5. Bxf7+ Kxf7 6. Qf3+ Ke8 7. Qxe4 Qe7
8. Nf3 Nc6 9. O-O dxe5 10. Nc3 Bd7 11. Be3 g6 12. Nd5 Qd6 13. Bg5 Bg7 14. Rfd1
Bf5 15. Qe2 Kf7 16. Nb6 axb6 17. Rxd6 cxd6 18. c3 h6 19. Be3 b5 20. Qxb5 Ra5 21.
Qxb7+ Ne7 22. a4 Kf6 23. Nxe5 Rxe5 24. Bd4 Kf7 25. Bxe5 Bxe5 26. Re1 Rc8 27. f4
Bf6 28. a5 Rc5 29. a6 Bc8 30. Qb6 Nc6 31. Qb3+ d5 32. Ra1 Ra5 33. Rxa5 Nxa5 34.
Qxd5+ 1-0

[Event "AUTO-ADV-4144"]
[Site "http://www.queenalice.com/game.php?id=1563102"]
[Date "2019.3.5"]
[Round "1"]
[White "rafael_100000"]
[Black "maurice91"]
[Result "1-0"]
[WhiteElo "1922"]
[BlackElo "1791"]

1. e4 c6 2. d4 g6 3. Nf3 Bg7 4. e5 d5 5. c4 Bg4 6. h3 Bxf3 7. Qxf3 e6 8. c5 a5
9. Nc3 Na6 10. Bxa6 Rxa6 11. a4 b6 12. Qe2 Qc8 13. O-O bxc5 14. dxc5 Qc7 15.
Qxa6 Ne7 16. Re1 O-O 17. Qd3 Bxe5 18. g3 d4 19. Ne4 Nd5 20. f4 Bg7 21. Ng5 Nb4
22. Qd2 Rd8 23. b3 d3 24. Rb1 Nd5 25. Bb2 Nb4 26. Bxg7 Kxg7 27. Rxe6 fxe6 28.
Nxe6+ Kf7 29. Nxc7 Rd7 30. Na8 Rd5 31. Nb6 Rh5 32. h4 Rxc5 33. Rc1 Rf5 34. Nc4
Rd5 35. Nxa5 c5 36. Nc4 Kf6 37. Ne3 1-0

[Event "AUTO-ADV-4144"]
[Site "http://www.queenalice.com/game.php?id=1563103"]
[Date "2019.3.5"]
[Round "1"]
[White "maurice91"]
[Black "rafael_100000"]
[Result "1/2-1/2"]
[WhiteElo "1809"]
[BlackElo "1944"]

1. d4 d5 2. c4 Nf6 3. Nc3 e6 4. e3 Bb4 5. Qc2 c5 6. Bd3 cxd4 7. exd4 dxc4 8.
Bxc4 a5 9. Ne2 O-O 10. O-O Nc6 11. Be3 Nd5 12. Nxd5 exd5 13. Bd3 Qh4 14. Nf4 g6
15. Nxd5 Bd6 16. g3 Qd8 17. Nf4 Nb4 18. Qe2 Nxd3 19. Nxd3 Bh3 20. Rfc1 Re8 21.
Qd2 b6 22. Nf4 Bxf4 23. Bxf4 Qd5 24. f3 Qxf3 25. Rc3 Qd5 26. Qf2 f6 27. Rac1 g5
28. Be3 b5 29. Rc5 Qb7 30. Rc6 Rac8 31. d5 Qd7 32. Qd2 Qf5 33. Qf2 Qxd5 34. Rxc8
Rxc8 35. Rxc8+ Bxc8 36. Qxf6 Qd1+ 37. Qf1 Qd5 38. Qf6 Qd1+ 39. Qf1 1/2-1/2

[Event "AUTO-INT-3359"]
[Site "http://www.queenalice.com/game.php?id=1573749"]
[Date "2019.6.8"]
[Round "2"]
[White "rafael_100000"]
[Black "roseej"]
[Result "0-1"]
[WhiteElo "1866"]
[BlackElo "1694"]

1. e4 c5 2. Nf3 d6 3. d4 Nf6 4. dxc5 Qa5+ 5. Qd2 Qxc5 6. Nc3 e5 7. Nb5 Nxe4 8.
b4 Nxd2 9. bxc5 Nxf3+ 10. gxf3 Na6 11. cxd6 Bf5 12. c3 Rc8 13. Bd2 Rc5 14. Be3
b6 15. Bxc5 bxc5 0-1

[Event "AUTO-INT-3359"]
[Site "http://www.queenalice.com/game.php?id=1573750"]
[Date "2019.6.8"]
[Round "2"]
[White "roseej"]
[Black "rafael_100000"]
[Result "1-0"]
[WhiteElo "1717"]
[BlackElo "1843"]

1. e4 e5 2. Nc3 Nf6 3. Nf3 d6 4. d4 exd4 5. Nxd4 c5 6. Bb5+ Bd7 7. Bxd7+ Qxd7 8.
Nf5 g6 9. Bg5 Nh5 10. Nd5 h6 11. Nf6+ Nxf6 12. Bxf6 Rg8 13. Ne3 Nc6 14. c3 1-0

[Event "AUTO-INT-3359"]
[Site "http://www.queenalice.com/game.php?id=1573751"]
[Date "2019.6.8"]
[Round "2"]
[White "rafael_100000"]
[Black "Prosperidade"]
[Result "0-1"]
[WhiteElo "1822"]
[BlackElo "1880"]

1. e4 e5 2. Nf3 d6 3. d4 exd4 4. Nxd4 c5 5. Nf3 a6 6. Nc3 Nc6 7. a3 Bg4 8. Be2
Nf6 9. h3 Bh5 10. g4 Bg6 11. Nh4 h6 12. Nxg6 fxg6 13. Be3 Be7 14. g5 hxg5 15.
Bxg5 Nxe4 16. Nxe4 Bxg5 0-1

[Event "AUTO-INT-3359"]
[Site "http://www.queenalice.com/game.php?id=1573752"]
[Date "2019.6.8"]
[Round "2"]
[White "Prosperidade"]
[Black "rafael_100000"]
[Result "1-0"]
[WhiteElo "1894"]
[BlackElo "1808"]

1. d4 d5 2. c4 e6 3. cxd5 exd5 4. Nc3 Nf6 5. h3 Nc6 6. e3 Bd6 7. Nf3 Ne4 8. Bd3
Nxc3 9. bxc3 O-O 10. c4 dxc4 11. Bxc4 Nb4 12. O-O c6 13. e4 b5 14. Bb3 Bb7 15.
a3 Na6 16. Re1 Qf6 17. e5 Qd8 18. exd6 1-0